| 000 | 00676nam a22001937a 4500 | ||
|---|---|---|---|
| 005 | 20251108172742.0 | ||
| 008 | 250721s2003 xx 000 0 ara d | ||
| 082 | 1 | 4 | _a342.03/روز |
| 100 | 1 |
_aروز أكرمان، سوزان _eمؤلف |
|
| 245 | 1 | 0 |
_aالفساد والحكم : _bالأسباب ،العواقب ،والإصلاح / |
| 264 | 1 |
_aعمان : _bالدار الإهلية للنشر والتوزيع، _c2003. |
|
| 300 | _a450ص | ||
| 650 | 1 | 7 | _aالقانون الستوري |
| 650 | 1 | 7 | _aالإصلاح السياسي |
| 650 | 1 | 7 | _aالإصلاح الدستوري |
| 700 | 1 |
_aسردجي، فؤاد _eمترجم |
|
| 942 |
_2ddc _cBK |
||
| 999 |
_c87574 _d87574 |
||